La municipalidad de Santiago constituida en banco de emisión: anuncio del verdadero Banco Nacional de Chile

Shranjeno v:
Bibliografske podrobnosti
Glavni avtor: Vicuña, Francisco de Paula (autor)
Format: Knjiga
Jezik:španščina
Izdano: Santiago, Chile Del Correo 1877
Izdaja:Segunda edición
Teme:
Oznake: Označite
Brez oznak, prvi označite!

MARC

LEADER 00000nam a2200000 a 4500
001 UCO2640
003 CL-VaPUC
005 20230324093133.0
008 000608e18770000CL |||||||||||||||||spa|d
999 |c 289144  |d 289142 
040 |c Pontificia Universidad Católica de Valparaíso 
082 0 4 |a 983.315 PAU 1877  |2 21 
100 |a Vicuña, Francisco de Paula  |e autor  |9 512037 
245 1 3 |a La municipalidad de Santiago constituida en banco de emisión:  |b  anuncio del verdadero Banco Nacional de Chile 
250 |a Segunda edición 
260 |a Santiago, Chile  |b Del Correo  |c 1877 
300 |a 69 páginas 
583 |a last modification  |c 20000608 00:00:00  |k Rodrigo Vera 
650 0 |a Ciudades  |z SANTIAGO  |z CHILE  |9 265474 
650 0 |a Historia  |z SANTIAGO  |z CHILE  |9 255047 
852 |a BIBCUR 
942 |c BK  |2 ddc 
945 |d 20000608 00:00:00  |a crobeson 
952 |0 0  |1 0  |2 ddc  |4 0  |6 983_315000000000000_PAU_1877  |7 0  |8 X  |9 337347  |a BIBHIS  |b BIBHIS  |d 2019-11-20  |i 1293761  |o 983.315 PAU 1877  |p 1293761  |r 2019-11-20  |t 1  |w 2019-11-20  |y BK_X  |k HIS